Geografía de España por letra - B - Estadísticas

Estadísticas generales
  • Esta prueba ha sido intentada 56 veces
  • La puntuación promedio es 10 de 20
Estadísticas de respuestas
Pista Respuesta % Correcto
Conjunto de islas del Mediterráneo Baleares
98%
La «ciudad condal» Barcelona
96%
Ciudad más poblada donde se habla euskera Bilbao
94%
Estadio del Real Madrid Bernabéu
90%
Esta provincia tiene 8 provincias limítrofes Burgos
84%
Ciudad que está a 10 km de distancia del centro de la respuesta anterior Badalona
78%
Ciudad con más rascacielos de España Benidorm
76%
Ciudad conocida como Batalyaws en Al-Ándalus Badajoz
57%
Municipio limitando al noroeste de la respuesta anterior Baracaldo
55%
Otra denominación para el idioma asturiano Bable
53%
Ciudad (empezando con la B) más poblada en la Costa del Sol Benalmádena
41%
Ciudad jienense importante para la producción de aceite de oliva Baeza
39%
Isla en la delta del Ebro pero no está llamada por el fundador de una religión oriental Buda
31%
Ciudad conocida por una de las batallas simbólicas de la Guerra Civil Belchite
20%
Valle navarro que limita con Francia Baztán
16%
Río encontrado entre las dos respuestas anteriores Besós
10%
Esta ría está cerca de la ría de Ares Betanzos
10%
Esta comarca, junto con Luna, da nombre a un parque natural leonés Babia
8%
Valle ribagorzano del Pirineo aragonés Benasque
6%
Pasto o prado situado en los lugares altos de las montañas cantábricas Braña
0%
No se encontraron pruebas coincidentes
Distribución de puntuación
Porcentaje de gente con cada puntuación
Porcentaje por número respondido
Historial de tus puntuaciones
No has intentado esta prueba.